'HAM' Definitions Quiz Stats

 Plays Quiz not verified by Sporcle

Score 0/15 Timer 02:30
0 Plays Today
% Correct
Hamlet
97.6%
Chameleon
97.4%
Hammer
97.2%
Hamburg
96.9%
Shampoo
96.5%
Chamber
96.2%
Shame
96.2%
Ham
96%
% Correct
Hammock
95.8%
Shaman
95%
Ham radio
93.2%
Spider-Ham
92.9%
Durham rule
92.2%
Hamas
92%
Hames
87%

You're not logged in!

Compare scores with friends on all Sporcle quizzes.
OR
Log In

Show Comments

Extras

Top Quizzes Today


Score Distribution

Your Account Isn't Verified!

In order to create a playlist on Sporcle, you need to verify the email address you used during registration. Go to your Sporcle Settings to finish the process.

Report this User

Report this user for behavior that violates our Community Guidelines.

Details: